01577nam a22002057a 450000500170000000800410001702000180005804000070007604100120008308200170009510000180011224500800013025000070021026000440021730000260026136500530028752010020034065000150134270000140135720250722152936.0250722b |||||||| |||| 00| 0 eng d a9789383866496 cAL aEnglish a657.46bMEHD aH C Mehrotra  aDirect tax including tax planning and managementb: assessment year 2025-26 a46 aAgrabSahitya Bhawan publicationsc2025 a843 p.bPBc26x20 cm. a2031b₹640.00c₹d₹800.00e20%f22-07-2025 aStay ahead of the tax game with this comprehensive guide to Direct Tax, including Tax Planning & Management. The 46th Edition from Sahitya Bhawan Publications, updated for Assessment Year 2025-26, is authored by renowned experts Dr. H.C. Mehrotra and Dr. S.P. Goyal. This authoritative text provides in-depth coverage of direct taxation principles, recent amendments, and strategic tax planning approaches. Perfect for tax professionals, chartered accountants, business students, and anyone seeking to understand India's direct tax framework. The book offers clear explanations of complex tax concepts, practical examples, and detailed insights into tax management techniques. This edition incorporates the latest tax laws, regulations, and judicial pronouncements, making it an essential resource for navigating India's tax landscape effectively. Whether you're preparing for professional examinations or need a reliable reference for tax compliance, this book serves as your comprehensive guide. aDirect tax aGoyal,S P